书目信息 |
| 题名: |
向大师学绘画
|
|
| 作者: | 伍尔威奇 , Woolwich 著 ;朱兴国 , 刘海青 译 | |
| 分册: | 色粉肖像技法 | |
| 出版信息: | 北京 中国青年出版社 2000 |
|
| 页数: | 143页 | |
| 开本: | 24cm | |
| 丛书名: | ||
| 单 册: | ||
| 中图分类: | J216 | |
| 科图分类: | ||
| 主题词: | 绘画--技法(美术) , 色粉笔画--肖像画--技法(美术) , 绘画 , 技法(美术) , 色粉笔画 , 肖像画 | |
| 电子资源: | ||
| ISBN: | 7-5006-3817-5 | |
| 000 | 01036nam0 2200313 450 | |
| 001 | 1254334672 | |
| 005 | 20121019150606.14 | |
| 010 | @a7-5006-3817-5@dCNY58.00 | |
| 100 | @a20010806d2000 em y0chiy0110 ea | |
| 101 | 1 | @achi@ceng |
| 102 | @aCN@b110000 | |
| 105 | @aa z 000yy | |
| 200 | 1 | @a向大师学绘画@Axiang da shi xue hui hua@i色粉肖像技法@f(美)玛德琳-安·C.伍尔威奇(Madlyn-Ann C.Woolwich)著@g朱兴国,刘海青译 |
| 210 | @a北京@c中国青年出版社@d2000 | |
| 215 | @a143页@d24cm | |
| 330 | @a本书内容包括:技法,色彩,肖像的构思与设计,面部特写和手,抓住情绪和个性,背景和特殊的环境,色粉肖像命题创作等。 | |
| 606 | 0 | @a绘画@x技法(美术) |
| 606 | 0 | @a色粉笔画@x肖像画@x技法(美术) |
| 606 | 0 | @a绘画 |
| 606 | 0 | @a技法(美术) |
| 606 | 0 | @a色粉笔画 |
| 606 | 0 | @a肖像画 |
| 690 | @aJ216@v4 | |
| 701 | 1 | @a伍尔威奇@Awu er wei qi@bM.A.C.@4著 |
| 701 | 1 | @aWoolwich@bMadlyn-Ann C.@4著 |
| 702 | 0 | @a朱兴国@Azhu xing guo@4译 |
| 702 | 0 | @a刘海青@Aliu hai qing@4译 |
| 801 | 0 | @aCN@bNLC@c20101222 |
| 905 | @a10447@dJ216@eJY91 | |
| 向大师学绘画.色粉肖像技法/(美)玛德琳-安·C.伍尔威奇(Madlyn-Ann C.Woolwich)著/朱兴国,刘海青译.-北京:中国青年出版社,2000 |
| 143页;24cm |
| ISBN 7-5006-3817-5:CNY58.00 |
| 本书内容包括:技法,色彩,肖像的构思与设计,面部特写和手,抓住情绪和个性,背景和特殊的环境,色粉肖像命题创作等。 |
| ● |
| 相关链接 |
|
|
|
|
正题名:向大师学绘画
索取号:J216/JY91
 
预约/预借
| 序号 | 登录号 | 条形码 | 馆藏地/架位号 | 状态 | 备注 |
| 1 | 7832974 | 278329747 | 学院路分馆/ [索取号:J216/JY91] | 在馆 |